00282nam a22000857a 4500008004100000082001800041245007700059260005200136300000800188230605b xxu||||| |||| 00| 0 eng d a328.3653bCLE aThe Directorate of Legislative and Committee ServicesbProcedural Manual aNairobi,KenyabThe Clerk's ChambercJnuary,2008 a18p